[Event "IECG CP.P.00006 email"]
[Site "IECG email"]
[Date "2001.10.01"]
[Round "?"]
[White "Posse Varela, Espartaco"]
[Black "Hansen, Misha"]
[Result "0-1"]
[WhiteElo "1800"]
[BlackElo "1600"]
[PlyCount "27"]
[EventDate "2001.10.01"]
[EventType "tourn (corr)"]
[EventRounds "6"]
[SourceTitle "Corr 2008"]
[Source "ChessBase"]
[SourceDate "2008.06.24"]
[SourceVersion "1"]
[SourceVersionDate "2008.06.24"]
[SourceQuality "1"]

1. Nf3 Nc6 2. c4 e5 3. Nc3 Nf6 4. g3 g6 5. Bg2 Bg7 6. 0-0 0-0 7. d4 exd4 8. Nxd4 Nxd4 9. Qxd4 d6 10. Qh4 Re8 11. Bg5 c6 12. Rad1 Re6 13. Rd2 Qe7 14. Rfd1 0-1